| 000 | 00563nam a2200205Ia 4500 | ||
|---|---|---|---|
| 003 | OSt | ||
| 005 | 20140324133330.0 | ||
| 008 | 140130s9999 xx 000 0 und d | ||
| 020 | _a0439564212 | ||
| 050 |
_aREF 502 _bP119 2003 |
||
| 100 | _aPackard, Marry | ||
| 245 |
_cMarry Packard _aWeird science / |
||
| 260 |
_bScholastic, _c2003. _aNew York : |
||
| 300 |
_a86 p. : _bill. (some col.) ; _c20 cm. |
||
| 440 | _v1 | ||
| 650 |
_aScience _vMiscellanea _vJuvenile literature. |
||
| 650 |
_aScience _vJuvenile literature. |
||
| 942 |
_cBK _2lcc |
||
| 999 |
_c41920 _d41920 |
||